Situation of agriculture food and nutrition in rural India (Record no. 19965)
[ view plain ]
| 000 -LEADER | |
|---|---|
| fixed length control field | 00524nam a2200169Ia 4500 |
| 082 ## - DEWEY DECIMAL CLASSIFICATION NUMBER | |
| Classification number | 338.17 ALI-; |
| 100 ## - MAIN ENTRY--AUTHOR NAME | |
| Personal name | Ali Mohammad |
| 245 #0 - TITLE STATEMENT | |
| Title | Situation of agriculture food and nutrition in rural India |
| 260 ## - PUBLICATION, DISTRIBUTION, ETC. (IMPRINT) | |
| Place of publication | Delhi |
| Name of publisher | Concept Publishing |
| Year of publication | 1978 |
| 300 ## - PHYSICAL DESCRIPTION | |
| Number of Pages | xiii, 229p. |
| 504 ## - BIBLIOGRAPHY, ETC. NOTE | |
| Bibliography, etc | Includes bibliography, index |
| 650 ## - SUBJECT ADDED ENTRY--TOPICAL TERM | |
| Topical Term | Agricultural productivity - Regional disparities - India |
| 650 ## - SUBJECT ADDED ENTRY--TOPICAL TERM | |
| Topical Term | India - Rural conditions |
| 650 ## - SUBJECT ADDED ENTRY--TOPICAL TERM | |
| Topical Term | Nutrition - India |
| 650 ## - SUBJECT ADDED ENTRY--TOPICAL TERM | |
| Topical Term | Rural development - India |
| 942 ## - ADDED ENTRY ELEMENTS (KOHA) | |
| Koha item type | Books |
| Source of classification or shelving scheme | Dewey Decimal Classification |
| Withdrawn status | Lost status | Damaged status | Not for loan | Home library | Current library | Date acquired | Bill Date | Full call number | Accession Number | Price effective from | Koha item type |
|---|---|---|---|---|---|---|---|---|---|---|---|
| NASSDOC Library | NASSDOC Library | 08/06/2004 | 2004-10-22 | 338.17 ALI-; | 19438 | 18/04/2019 | Books | ||||
| NASSDOC Library | NASSDOC Library | 08/06/2004 | 2004-10-22 | 338.17 ALI-; | 24812 | 18/04/2019 | Books |
